00349nam a2200133Ia 4500003000400000008004100004040001600045082002100061100001800082245005100100260003900151650001500190650001000205GCL140319s9999 xx 000 0 eng d aGCL / cGCL04aCHb823.087bF A1 aFRYER, GEORGE10aTHE STORY OF THE THRES BEARS / cFRYER, GEORGE a[S.N] : bPETER HODDOCK PUBLISHING04aLITERATURE04aTALES